000 01096cam a22003254a 4500
001 1797
003 FISKH
005 20231002085959.0
008 010808s2002 mnua b b 001 0 eng
010 _a 2001004840
020 _a0736811818
040 _aDLC
_cDLC
_dDLC
_beng
042 _apcc
_alcac
050 0 0 _aQL544.2
_b.T78 2002
082 0 0 _a595.78/9
_221
100 1 _aTrumbauer, Lisa,
_d1963-
245 1 4 _aThe life cycle of a butterfly /
_cby Lisa Trumbauer.
260 _aMankato, Minn. :
_bCapstone Press,
_c2002.
300 _a24 pages :
_bcolor illustrations ;
_c19 cm.
505 _aJ
520 _aSimple text and photographs present the life cycle of a butterfly.
521 8 _a500
_bLexile
650 0 _aButterflies
_xLife cycles
_vJuvenile literature.
650 1 _aButterflies
_xLife cycles.
650 1 _aCaterpillars.
830 0 _aLife cycles (Mankato, Minn.)
906 _a7
_bcbc
_corignew
_d1
_eecip
_f20
_gy-gencatlg
942 _2ddc
_cBK
_n0
999 _c1797
_d1797